Statistics for Countries with the Most Expensive Passports

Click here to take the quiz!

General Stats

  • This quiz has been taken 94 times
  • The average score is 7 of 10

Answer Stats

(USD)Country% Correct
135United States
99%
206Australia
84%
110United Kingdom
84%
115New Zealand
82%
133Canada
81%
115Japan
80%
135Italy
64%
159Switzerland
63%
155Mexico
38%
251Turkey
27%

Score Distribution

Percentile by Number Answered

Percent of People with Each Score

Your Score History

You have not taken this quiz